The resources of Tennessee.

Bibliographic Details
Corporate Authors: Tennessee. State Geological Survey, Tennessee. Division of Geology
Format: Journal
Language:English
Published: Nashville : State Geological Survey, 1911-
Subjects:

MARC

Tag First Indicator Second Indicator Subfields
LEADER 00000cas a2200000 a 4500
001 in00000027480
005 20161201140330.0
008 760712u1911uuuutnu x p s0 0eng c
010 |a gs 11000543   |z sn 87028647  
035 |a (OCoLC)ocm02253933 
040 |a MUL  |b eng  |c MUL  |d NYG  |d DLC  |d OCL  |d NST  |d OCL  |d DLC  |d OCLCQ  |d OCLCF  |d OCLCO 
019 |a 2450136  |a 18235166 
029 1 |a AU@  |b 000014245652 
035 |a (OCoLC)2253933  |z (OCoLC)2450136  |z (OCoLC)18235166 
042 |a pcc  |a premarc 
043 |a n-us-tn 
050 0 0 |a TN24.T2  |b A32 
092 |a 557.68  |b T2983r 
049 |a TXAM 
245 0 4 |a The resources of Tennessee. 
264 1 |a Nashville :  |b State Geological Survey,  |c 1911- 
300 |a volumes :  |b illustrations, plate, maps, plan, tables, diagrams ;  |c 23 cm. 
310 |a Irregular,  |b <-1938> 
321 |a Monthly,  |b 1911- 
336 |a text  |b txt  |2 rdacontent 
337 |a unmediated  |b n  |2 rdamedia 
338 |a volume  |b nc  |2 rdacarrier 
362 0 |a Vol. 1, no. 1 (July 1911)-v. 9, no. 2 (Apr. 1919); 2nd ser., 1936- 
500 |a "A magazine devoted to the description, conservation and development of the resources of Tennessee." 
500 |a Title from cover. 
515 |a Publication suspended from 1919-1935. 
530 |a Also issued online. 
550 |a Issued by: Tennessee, Dept. of Education, Division of Geology, 1936- 
580 |a Vol. 7, no. 1 and v. 9, no. 1 include the Division's Administrative report for 1915/1916-1917/1918. 
650 0 |a Mines and mineral resources  |z Tennessee  |v Periodicals. 
650 0 |a Geology  |z Tennessee  |v Periodicals. 
650 7 |a Geology.  |2 fast  |0 (OCoLC)fst00940627 
650 7 |a Mines and mineral resources.  |2 fast  |0 (OCoLC)fst01022541 
651 7 |a Tennessee.  |2 fast  |0 (OCoLC)fst01205353 
655 7 |a Periodicals.  |2 fast  |0 (OCoLC)fst01411641 
710 1 |a Tennessee.  |b State Geological Survey. 
710 1 |a Tennessee.  |b Division of Geology. 
776 0 8 |i Online version:  |t Resources of Tennessee  |w (OCoLC)563949774 
787 1 |a Tennessee. Division of Geology.  |t Administrative report of the State Geological Survey  |w (OCoLC)5579615 
850 |a DLC  |a N  |a NcD 
994 |a C0  |b TXA 
949 |a updated  |b h  |c 2016/10/19  |e coplinger  |f 3:18:07 pm 
999 f f |s 8e484e1e-a85e-3092-baef-1d4377fc3143  |i de80a424-6711-3a44-9032-36d4f7b60861  |t 0 
952 f f |p ric  |a Texas A&M University  |b Rellis Campus  |c Joint Library Facility  |d Remote Storage  |t 0  |e TN24.T2 A32  |h Library of Congress classification  |i unmediated -- volume  |k v.5-6  |l 1915-1916  |m A14813830412 
952 f f |p ric  |a Texas A&M University  |b Rellis Campus  |c Joint Library Facility  |d Remote Storage  |t 0  |e TN24.T2 A32  |h Library of Congress classification  |i unmediated -- volume  |k v.1:no.1-v.2:no.6,no.9-12  |l 1911:July-1912:June,Sept-Dec.  |m A14813830552 
952 f f |p ric  |a Texas A&M University  |b Rellis Campus  |c Joint Library Facility  |d Remote Storage  |t 0  |e TN24.T2 A32  |h Library of Congress classification  |i unmediated -- volume  |k v.3:no.2-v.4:no.4  |l 1913:Apr.-1914:Oct.  |m A14813830560 
952 f f |p ric  |a Texas A&M University  |b Rellis Campus  |c Joint Library Facility  |d Remote Storage  |t 0  |e TN24.T2 A32  |h Library of Congress classification  |i unmediated -- volume  |k v.7-9  |l 1917-1919  |m A14813830420 
998 f f |a TN24.T2 A32  |s v.4-9 (1914-1919)  |t 0  |l Remote Storage